000 00240nam a2200109Ia 4500
008 190216s9999||||xx |||||||||||||| ||und||
100 _aSankaran
245 0 _aMacro Economics
260 _bKarthikeyan Pub
650 _aEconomics
942 _cBK
999 _c9697
_d9697